|
|
|
|
| LEADER |
00000nab a2200000 a 4500 |
| 001 |
vtls009293656 |
| 003 |
SK-MaSNL |
| 005 |
20260318125134.0 |
| 008 |
080513c2007 xo r m 000 00rus |
| 015 |
|
|
|a SNBRA2008/05SVKPO
|
| 038 |
|
|
|a SVKPO
|
| 040 |
|
|
|a SVKPOCL
|c slo
|e AACR2
|
| 041 |
0 |
|
|a rus
|
| 044 |
|
|
|a xo
|c SK
|
| 080 |
|
|
|a 81(=16)+908(4)
|2 2001
|
| 080 |
|
|
|a 811.161.1 '373:811.162.4 '25
|2 2001
|
| 080 |
|
|
|a 81 '25:811.162.4
|2 2001
|
| 080 |
|
|
|a 811.161.1 '38
|2 2001
|
| 080 |
|
|
|a 81 '38:811.162.4
|2 2001
|
| 080 |
|
|
|a 811.162.4 '25
|2 2001
|
| 100 |
1 |
|
|a Sipko, Jozef,
|d 1950-
|4 aut
|9 240313
|
| 245 |
1 |
0 |
|a V poiskach istinnogo smysla abbreviatur
|c Jozef Sipko
|
| 504 |
|
|
|a Bibliogr. odkazy
|
| 546 |
|
|
|a Res. angl.
|
| 650 |
0 |
7 |
|a slovenčina
|2 svkpocl
|9 1350
|
| 650 |
0 |
7 |
|a ruština
|2 svkpocl
|9 1346
|
| 650 |
0 |
7 |
|a skratky
|2 svkpocl
|9 23481
|
| 650 |
0 |
7 |
|a publicistické texty
|2 svkpocl
|9 619862
|
| 650 |
0 |
7 |
|a odborný preklad
|2 svkpocl
|9 73828
|
| 773 |
0 |
|
|t Slovensko-slovanské jazykové, literárne a kultúrne vzťahy : zborník príspevkov z medzinárodnej vedeckej konferencie 4. - 7. októbra 2006
|d Prešov : Prešovská univerzita, Filozofická fakulta, 2007
|g S. 127-139
|z 9788080685577
|
| 852 |
|
|
|a SVKPO
|b KIS3GCP
|
| 958 |
|
|
|a SK
|
| 958 |
|
|
|a NB
|
| 958 |
|
|
|a RU
|
| 958 |
|
|
|a SS
|
| 999 |
|
|
|c 2271576
|d 2273506
|